| 000 | 00625nam a2200229 i 4500 | ||
|---|---|---|---|
| 001 | 80269 | ||
| 003 | ES-MaACL | ||
| 005 | 20230906174157.0 | ||
| 007 | t| | ||
| 008 | 041027s1981 sp ||||1| spa d | ||
| 020 | _a84-85741-11-0 | ||
| 100 | 1 |
_aHidalgo, Manuel. _963576 |
|
| 245 | 1 | 0 |
_aCarlos Saura / _cManuel Hidalgo. |
| 260 |
_a[Madrid] : _bEdiciones JC, _c[1981] |
||
| 300 |
_a107 p. ; _c19 cm. |
||
| 490 | 1 |
_aDirectores de cine ; _v7 |
|
| 504 | _aBibliografía: p. 93-97. | ||
| 600 | 1 | 4 |
_aSaura, Carlos. _9103996 |
| 830 | 1 |
_aDirectores de cine ; _v7 _9181872 |
|
| 852 |
_aES-MaACL _jL-6165 |
||
| 999 |
_c80269 _d80269 |
||